| 000 | 00722cam a22002054a 4500 | ||
|---|---|---|---|
| 005 | 20250605164145.0 | ||
| 008 | 250528s ||||||||||||||||||||||||d | ||
| 035 | _a19128 | ||
| 020 | _a9607183142 | ||
| 040 |
_aGR-AtMCL _bgre _dGR-AtMCL _eAACR2 |
||
| 245 | 1 | _aΛεξικό Εκαστικών Τεχνών / Βασισμένο στην αναθεωρημένη κάτω από τη γενική εποπτεία του Νίκου Στάγκου Αγγλική έκδοση του 1985 | |
| 250 | _a1η | ||
| 260 |
_bΥποδομή, _c1986 |
||
| 300 | _a384 | ||
| 520 | _a2.400 λήμματα - 372 εικόνες | ||
| 700 | 1 |
_aΡηντ Χέρμπερτ _95376 |
|
| 942 | _cBK | ||
| 999 |
_c4406 _d4406 |
||